|
|
|
|
| LEADER |
02007nam a2200517 a 4500 |
| 001 |
nkc20061664770 |
| 003 |
CZ PrNK |
| 005 |
20251022124459.0 |
| 007 |
ta |
| 008 |
060728s2006 xr abfjf 001 0dcze |
| 015 |
|
|
|a cnb001664770
|
| 020 |
|
|
|a 80-204-1417-7
|q (váz.)
|
| 035 |
|
|
|a (OCoLC)85704384
|
| 040 |
|
|
|a ABA001
|b cze
|
| 041 |
1 |
|
|a cze
|h eng
|
| 043 |
|
|
|a e-uk-st
|
| 045 |
|
|
|a o-o-
|
| 072 |
|
7 |
|a 94(41)
|x Dějiny britských ostrovů
|2 Konspekt
|9 8
|
| 080 |
|
|
|a 929.731
|2 MRF
|
| 080 |
|
|
|a 94(410.5)
|2 MRF
|
| 080 |
|
|
|a (048.8)
|2 MRF
|
| 100 |
1 |
|
|a Ellis, Peter Berresford,
|d 1943-
|7 jo2004249986
|4 aut
|
| 245 |
1 |
0 |
|a Macbeth :
|b velekrál skotský : 1044-1057 /
|c Peter Berresford Ellis ; [z anglického originálu ... přeložil Jan R. Hrdina ; k citacím ze Shakespearova dramatu bylo použito překladu Martina Hilského]
|
| 246 |
1 |
8 |
|a MacBeth
|
| 250 |
|
|
|a Vyd. 1.
|
| 260 |
|
|
|a Praha :
|b Mladá fronta,
|c 2006
|
| 300 |
|
|
|a 146 s., [16] s. barev. obr. příl. :
|b il., mapy, geneal. tabulky ;
|c 21 cm
|
| 490 |
1 |
|
|a Kolumbus ;
|v sv. 182
|
| 504 |
|
|
|a Obsahuje bibliografii a rejstřík
|
| 600 |
0 |
7 |
|a Macbeth,
|c skotský král,
|d -1057
|7 xx0031113
|2 czenas
|
| 600 |
0 |
9 |
|a Macbeth,
|c King of Scotland,
|d 11th century
|2 eczenas
|
| 648 |
|
7 |
|a 11. století
|7 ch460549
|2 czenas
|
| 650 |
0 |
7 |
|a panovníci
|7 ph117250
|z Skotsko
|y 11. století
|2 czenas
|
| 650 |
0 |
9 |
|a kings and rulers
|z Scotland
|y 11th century
|2 eczenas
|
| 651 |
|
7 |
|a Skotsko
|7 ge130825
|x dějiny
|y 11. století
|2 czenas
|
| 651 |
|
9 |
|a Scotland
|x history
|y 11th century
|2 eczenas
|
| 655 |
|
7 |
|a monografie
|7 fd132842
|2 czenas
|
| 655 |
|
9 |
|a monographs
|2 eczenas
|
| 765 |
0 |
|
|t Macbeth
|9 Česky
|
| 830 |
|
0 |
|a Kolumbus
|0 s
|
| 856 |
4 |
1 |
|u http://www.digitalniknihovna.cz/mzk/uuid/uuid:aff97dc0-ff0d-11e6-8830-005056827e51
|y Digitalizovaný dokument
|x NDK
|
| 910 |
2 |
|
|a BOA001
|b 2-1176.347
|
| 990 |
|
|
|a BK
|
| 995 |
|
|
|a 01
|
| 991 |
|
|
|b 200611
|c NOV
|
| 996 |
6 |
|
|b 2610293328
|c 2-1176.347
|l MZK
|r Sklad / do 1 hodiny
|n 1
|p p.v.
|w 000831118
|u 000010
|a 1
|e BOA001
|j MZK50
|s P
|